000 00570nam a2200205Ia 4500
005 20250508161654.0
008 008 250505s9999 xx 000 0 eng d
037 _aTextual
040 _aFEDL
_beng
_cFEDL
041 _aeng
_2eng
084 _a339.19, MCK
_qFEDL
100 _aMckeown Robin J.
245 0 _aFood and survival in Asia
260 _aSan Francisco
_bField Educational Publications
_c1969
300 _a63p
650 _aEconomics
700 _a Micnaelis John U.
_9771282
942 _cTEXL
_h339.19, MCK
999 _c1371474
_d1371474